Available copies
- 1 of 1 copy available at LARL/NWRL Consortium.
Current holds
0 current holds with 1 total copy.
Show Only Available Copies
| Location | Call Number / Copy Notes | Barcode | Shelving Location | Status | Due Date |
|---|---|---|---|---|---|
| Greenbush Public Library | e LIT (Text) | 35500004075089 | Main | Available | - |
Record details
- ISBN: 1579732151
- ISBN: 9781579732158
- Physical Description: 22 p. : col. ill. ; 23 cm.
- Publisher: Maitland, Florida : Advance Publishers, 2004, c2006.
Content descriptions
| General Note: | "First published 2004." |
| Summary, etc.: | "Follow the adventures of Ariel as she fights to ... Read More |
Search for related items by subject
| Subject: | Mermaids > Juvenile fiction. |
| Genre: | Fairy tales. |
Search for related items by series
| LDR | 01090cam a2200301Ka 4500 | ||
|---|---|---|---|
| 001 | 83888 | ||
| 003 | LARL_NWRL_CONSORTIUM | ||
| 005 | 20070906165103.0 | ||
| 008 | 070709t20042006flua j 000 1 eng d | ||
| 020 | . | ‡a1579732151 | |
| 020 | . | ‡a9781579732158 | |
| 024 | 1 | . | ‡a027506050087 |
| 035 | . | ‡a(OCoLC)154077512 | |
| 082 | 0 | 4. | ‡a791.4372 ‡222 |
| 245 | 0 | 4. | ‡aThe little mermaid. |
| 246 | 3 | . | ‡aDisney's the little mermaid ‡n#8 |
| 260 | . | ‡aMaitland, Florida : ‡bAdvance Publishers, ‡c2004, c2006. | |
| 300 | . | ‡a22 p. : ‡bcol. ill. ; ‡c23 cm. | |
| 490 | 0 | . | ‡aDisney Moviebook library ; ‡v8 |
| 500 | . | ‡a"First published 2004." | |
| 520 | . | ‡a"Follow the adventures of Ariel as she fights to be human so she can live alongside her true love, Prince Eric"--Cover p. [4]. | |
| 655 | 0. | ‡aFairy tales. | |
| 650 | 0. | ‡aMermaids ‡vJuvenile fiction. ‡0(LARL_NWRL_CONSORTIUM)173323 | |
| 901 | . | ‡a83888 ‡bOCLC ‡c83888 ‡tbiblio | |

Add to basket
Permalink
Enable Highlighting